000 00636cam a22002291 4500
001 he 65001500
003 DLC
005 20260227111434.0
008 830721s1964 is 000 0 heb
010 _ahe 65001500
035 _a(OCoLC)19168199
040 _aDLC
_cMH
_dDLC
042 _apremarc
050 0 0 _aBM740
_b.E623 1964
100 0 _aEphraim Solomon ben Aaron,
_cof Luntshits,
_d1550-1619.
245 1 0 _aʻOlelot Efrayim :
_b... derush.
260 _aTel Aviv :
_bPardes,
_c725 [1964 or 1965]
300 _a392 p. ;
_c23 cm.
500 _aPhoto-offset.
650 0 _aJewish sermons
_zPoland.
752 _aIsrael
_dTel Aviv
999 _c31391
_d31391